The voice of super-health (Record no. 90342)

MARC details
000 -LEADER
fixed length control field 00579cam a22002051 4500
001 - CONTROL NUMBER
control field sg 44000058
003 - CONTROL NUMBER IDENTIFIER
control field DLC
005 - DATE AND TIME OF LATEST TRANSACTION
control field 20260227112742.0
008 - FIXED-LENGTH DATA ELEMENTS--GENERAL INFORMATION
fixed length control field 810725s1944 xx cf 000 0 eng
010 ## - LIBRARY OF CONGRESS CONTROL NUMBER
LC control number sg 44000058
035 ## - SYSTEM CONTROL NUMBER
System control number (OCoLC)14724516
040 ## - CATALOGING SOURCE
Original cataloging agency DLC
Transcribing agency DNLM
Modifying agency DLC
042 ## - AUTHENTICATION CODE
Authentication code premarc
050 00 - LIBRARY OF CONGRESS CALL NUMBER
Classification number RA776
Item number .S663
060 0# - NATIONAL LIBRARY OF MEDICINE CALL NUMBER
Classification number QT 180
Item number S658v 1944
100 1# - MAIN ENTRY--PERSONAL NAME
Personal name Smitt, Robert A.,
Dates associated with a name 1886-
245 14 - TITLE STATEMENT
Title The voice of super-health
Remainder of title (a book for adults)
Statement of responsibility, etc. by Robert A. Smitt.
260 ## - PUBLICATION, DISTRIBUTION, ETC.
Place of publication, distribution, etc. Los Angeles, Calif.
Date of publication, distribution, etc. [c1944]
300 ## - PHYSICAL DESCRIPTION
Extent 5 p. l., 15-95 p.
Other physical details ports., plates.

No items available.

Powered by Koha